| 000 | 04453nam0a2200457 4500 | ||
|---|---|---|---|
| 001 | RU\NLR\BIBL_A\012873123 | ||
| 005 | 20230117170714.0 | ||
| 010 |
_a978-5-7310-5682-3 _9500 |
||
| 021 |
_aRU _bКН-П-22-042514 _9КН-П-22-3675 |
||
| 035 | _a(NLR Aleph) 012873123 | ||
| 035 | _a(RuMoRGB)011127589 | ||
| 090 |
_a12495567 _c12495567 |
||
| 100 | _a20220823d2022 k y0rusy50 ca | ||
| 101 | 0 | _arus | |
| 102 | _aRU | ||
| 105 | _aa z 100zy | ||
| 181 | 0 |
_ai3 _baxxe |
|
| 182 | 0 | _an | |
| 200 | 1 |
_aНравственно-эстетическое и гражданско-патриотическое воспитание в государственных учреждениях образования и культуры _eматериалы Всероссийской научно-практической конференции "Рисуем Победу - 2022", Москва, 2022 г. _fГосударственное бюджетное учреждение культуры города Москвы "Объединение культурных центров Западного административного округа", БОУ ВО Чувашской Республики "Чувашский государственный институт культуры и искусств" Министерства культуры, по делам национальностей и архивного дела Чувашской Республики _gредакционная коллегия: А. И. Аршинова [и др.] |
|
| 203 |
_aТекст _bвизуальный _cнепосредственный |
||
| 210 |
_aСанкт-Петербург _cИзд-во Санкт-Петербургского государственного экономического университета _d2022 |
||
| 215 |
_a150 с. _cил., табл. _d20 |
||
| 225 | 1 |
_aРисуем Победу _fред.-сост.: В. С. Головачев |
|
| 320 | _aБиблиогр. в конце докл. | ||
| 330 | _aВ сборнике размещены тезисы выступлений участников Всероссийской научно-практической конференции "Рисуем Победу-2022". Ведущие специалисты учреждений образования и культуры представляют свой методический опыт организации и проведения масштабных проектов, акций, мероприятий гражданско-патриотической тематики. Для преподавателей средних учебных заведений и детских школ искусств | ||
| 606 | 1 |
_aУчащиеся _xДуховно-нравственное воспитание _jСъезды, совещания и т.п _2nlr_sh2 _3RU\NLR\AUTH\661472162 |
|
| 606 | 1 |
_aУчащиеся _xВоспитание гражданственности _jСъезды, совещания и т.п _2nlr_sh2 _3RU\NLR\AUTH\661494794 |
|
| 606 | 1 |
_aУчащиеся _xПатриотическое воспитание _jСъезды, совещания и т.п _2nlr_sh2 _3RU\NLR\AUTH\661496094 |
|
| 675 |
_a37.034/.036(082) _v4 |
||
| 686 | 1 | _aЧ313.52я431 | |
| 686 | 1 | _aЧ313.521.3я431 | |
| 686 | 1 | _aЦ4,6(2)915я431 | |
| 702 | 1 |
_aАршинова _bА. И. _4340 |
|
| 711 | 1 | 2 |
_a"Рисуем Победу - 2022", всероссийская научно-практическая конференция _eМосква _3RU\NLR\AUTH\880572517 |
| 711 | 1 | 2 |
_a"Нравственно-эстетическое и гражданско-патриотическое воспитание в государственных учреждениях образования и культуры", всероссийская научно-практическая конференция _f2022 _eМосква _3RU\NLR\AUTH\880572521 |
| 712 | 0 | 2 |
_aОбъединение культурных центров Западного административного округа _cМосква _3RU\NLR\AUTH\880572522 _4570 |
| 942 | _cBOOK | ||
| 980 | _aNB | ||